UM Logo

Taylor's clinical nursing skills : (Record no. 7953)

MARC details
000 -LEADER
fixed length control field 01297nam a2200205 4500
008 - FIXED-LENGTH DATA ELEMENTS--GENERAL INFORMATION
fixed length control field 171207b xxu||||| |||| 00| 0 eng d
020 ## - INTERNATIONAL STANDARD BOOK NUMBER
International Standard Book Number 0781751381
082 ## - DEWEY DECIMAL CLASSIFICATION NUMBER
Edition number 2005
Classification number DC 610.73
Item number Sm5t
100 ## - MAIN ENTRY--PERSONAL NAME
9 (RLIN) 24448
Personal name Evans-Smith, Pamela,author.
245 ## - TITLE STATEMENT
Title Taylor's clinical nursing skills :
Remainder of title a nursing process approach /
Statement of responsibility, etc. Pamela Evans-Smith.
260 ## - PUBLICATION, DISTRIBUTION, ETC. (IMPRINT)
Place of publication, distribution, etc. Philadelphia :
Name of publisher, distributor, etc. Lippincott Williams & Wilkins,
Date of publication, distribution, etc. ©2005.
300 ## - PHYSICAL DESCRIPTION
Extent xvi, 773 p. :
Other physical details illustrations ;
Dimensions 28 cm. +
Accompanying material 1 CD-ROM (4 3/4 in.).
500 ## - GENERAL NOTE
General note Includes index.
505 ## - FORMATTED CONTENTS NOTE
Formatted contents note Unit I. Actions basic to nursing care -- Ch. 1. Vital signs -- Ch. 2. Assessment -- Ch. 3. Safety -- Ch. 4. Asepsis and infection control -- Ch. 5. Medications -- Ch. 6. Perioperative nursing -- Unit II. Promoting healthy physiologic responses -- Ch. 7. Hygiene -- Ch. 8. Skin integrity and wound care -- Ch. 9. Activity -- Ch. 10. Comfort -- Ch. 11. Nutrition -- Ch. 12. Urinary elimination -- Ch. 13. Bowel elimination -- Ch. 14. Oxygenation -- Ch. 15. Fluid, electrolyte, and acid-base balance -- Ch. 16. Cardiovascular care -- Ch. 17. Neurological care -- Unit III. Integrated case studies.
650 #0 - SUBJECT ADDED ENTRY--TOPICAL TERM
9 (RLIN) 24454
Topical term or geographic name as entry element Nursing.
650 #0 - SUBJECT ADDED ENTRY--TOPICAL TERM
9 (RLIN) 24455
Topical term or geographic name as entry element Nursing Process.
650 #0 - SUBJECT ADDED ENTRY--TOPICAL TERM
9 (RLIN) 24457
Topical term or geographic name as entry element Nursing Care
General subdivision methods.
365 ## - TRADE PRICE
Price amount 993.00
Currency code Php
942 ## - ADDED ENTRY ELEMENTS (KOHA)
Source of classification or shelving scheme Dewey Decimal Classification
Koha item type Circulation
Holdings
Withdrawn status Lost status Source of classification or shelving scheme Damaged status Not for loan Collection code Home library Current library Date acquired Source of acquisition Total Checkouts Full call number Barcode Date last seen Copy number Price effective from Koha item type
    Dewey Decimal Classification     Circulation UM Digos College - LIC UM Digos College - LIC 09/28/2006 Purchased   DC 610.73 Sm5t 2005 18748 05/15/2025 1 12/07/2017 Circulation